| 000 | 01066nam a22002537a 4500 | ||
|---|---|---|---|
| 005 | 20170124102957.0 | ||
| 010 | _aA-927656 | ||
| 020 | _c20.00 | ||
| 035 | _aA-927656 | ||
| 037 | _bCen Lib/Ret | ||
| 040 |
_aDPL _bHN |
||
| 082 |
_a615.89 _bशर्माए |
||
| 100 |
_aशर्मा, एस. के. _953419 |
||
| 245 |
_aसव्मूत्र चिकित्सा / _cएस. के.शर्मा |
||
| 246 |
_aSarvmootra chikitsa / _bby S. K. Sharma |
||
| 260 |
_aनई दिल्ली _bडायमंड पॉकेट बुक्स _c1998 |
||
| 270 |
_aX-30, ओखला इंडस्ट्रियल एरिया, फेज-2 _bनई दिल्ली _e110020 |
||
| 300 |
_a96पृ. _c20सेमी (सजिल्द) |
||
| 650 |
_aप्राकृतिक चिकित्सा _9717 |
||
| 650 |
_aपारंपरिक चिकित्सा _91199 |
||
| 650 |
_aNaturopathy _953420 |
||
| 650 |
_aTraditional Medicine _953421 |
||
| 942 |
_2ddc _cHN _h615.89 _mशर्माए |
||
| 999 |
_c113684 _d113684 |
||